00609 2200217 4500001002100000005001700021008004100038020002200079035002500101040001200126082001200138084002200150100001500172245005300187250001700240260003000257300003500287500003100322650002600353850001200379INLIS00000000000851320150731114407.0  a978-979-499-322-4 a0010-071500000001196 aYOPDYOG a344.049 aDEP 344.049 Hat H aHATTA, Moh aHukum kesehatan dan sengketa medikc/ Moh Hatta. aEd.1, cet.1. aYogyakartabLibertyc2013 aix. 377 hlm.c; 21 cm [2 eks.] aBibliografi : hlm. 317-321 aKesehatan-Aspek hukum aYOPDYOG